00494 2200169 4500001002100000008004100021035002000062245011700082250001000199260003100209300001500240020001800255084001600273082001000289650001300299990001200312INLIS000000000000501 ind  a0010-0722000050 aStrategi Membentuk Mental Enterpreneur pada AnakbMempersiapkan wirausahawan sukses sejak dinicAugust N Chatton acet:1 aYogyakarta:bLaksanac2017 a200c20 cm a9786024071004 a153.8 AUG s a153.8 aMotivasi aDI.1279